Ročenka zahraničného obchodu Slovenskej republiky za rok 2000

Gespeichert in:
Bibliographische Detailangaben
Format: Buch
Sprache:Slowakisch
Englisch
Veröffentlicht: Bratislava Štatistický úrad Slovenskej republiky 2001
Schlagworte:
Tags: Tag hinzufügen
Keine Tags, Fügen Sie das erste Tag hinzu!

MARC

LEADER 00000nam a2200000 4500
001 c131839
005 20251209135142.2
041 0 |a slo 
041 0 |a eng 
044 |a SK 
245 1 0 |a Ročenka zahraničného obchodu Slovenskej republiky za rok 2000 
264 1 |a Bratislava  |b Štatistický úrad Slovenskej republiky  |c 2001 
300 |a 164 s. 
610 2 0 |a Slovensko 
610 2 0 |a obchod zahraničný 
610 2 0 |a dovoz 
610 2 0 |a vývoz 
610 2 0 |a saldo